Špecifiká, riziká a prínosy vozu stavebných prác záverečná práca postgraduálneho štúdia

Enregistré dans:
Détails bibliographiques
Auteur principal: Petrenčík, Milan
Collectivité auteur: Vysoká škola ekonomická v Bratislave
Autres auteurs: Torma, Štefan
Format: Livre
Langue:slovaque
Publié: Bratislava 1988
Tags: Ajouter un tag
Pas de tags, Soyez le premier à ajouter un tag!

MARC

LEADER 00000nam a2200000 4500
001 c032125
005 20260108081458.0
041 0 |a slo 
044 |a SK 
245 1 0 |a Špecifiká, riziká a prínosy vozu stavebných prác  |b záverečná práca postgraduálneho štúdia  |c Milan Petrenčík ; ved. práce Štefan Torma 
264 1 |a Bratislava  |c 1988 
300 |a 59 s. 
100 1 |a Petrenčík, Milan 
700 1 |a Torma, Štefan 
710 2 |a Vysoká škola ekonomická v Bratislave